Το εφηβικό πρότυπο και η δελφική προσπάθεια του Αγγελου Σικελιανού

Αποθηκεύτηκε σε:
Λεπτομέρειες βιβλιογραφικής εγγραφής
Κύριος συγγραφέας: Παπαδάκη, Λία
Μορφή: Βιβλίο
Γλώσσα:Greek
Δημοσίευση: Αθήνα : Γενική Γραμματεία Νέας Γενιάς, 1995
Σειρά:Ιστορικό αρχείο ελληνικής νεολαίας ; ; 28
Θέματα:
Ετικέτες: Προσθήκη ετικέτας
Δεν υπάρχουν, Καταχωρήστε ετικέτα πρώτοι!

MARC

LEADER 00000nam a2200000 i 4500
001 1/77548
008 971218s1995 gre d
020 |a 960-7138-15-5 
035 |a 1997  |b 3  |c Δωρεά  |l 10032689 
040 |a GR-MY-UA  |b gre  |e aacr 
041 0 |a gre 
082 0 |a 889.13 
100 1 |a Παπαδάκη, Λία. 
245 1 3 |a Το εφηβικό πρότυπο και η δελφική προσπάθεια του Αγγελου Σικελιανού /  |c Λία Παπαδάκη 
260 |a Αθήνα :   |b Γενική Γραμματεία Νέας Γενιάς,   |c 1995 
300 |a 156 σ. 
490 1 |a Ιστορικό Αρχείο Ελληνικής Νεολαίας. Γενική Γραμματεία Νέας Γενιάς  |v ; 28 
600 1 0 |a Σικελιανός, Άγγελος,   |d 1884-1951. 
650 0 0 |a Poets, Greek (Modern)  |x History and criticism. 
830 0 |a Ιστορικό αρχείο ελληνικής νεολαίας ;  |v ; 28 
852 |a INST  |b RHODES  |e 19971218  |h 889.13 ΠΑΠ  |p 005400005020  |q 005400005020  |t BK  |y 0 
901 |a BIBL-1997-2 
909 |a Ρ  |b 048887  |c 1997 
970 |z 2000/07/ΚΑΤΕΡΙΝΑ